000 00634nam a2200217Ia 4500
003 0100
005 20160927092330.0
008 130303s9999 xx 000 0 und d
040 _cARRUPELIB
050 _aBH221.G7B36 1961
100 _aBate, Walter Jackson
_926181
245 _aFrom Classic to romantic
245 _bpremises of taste in eighteenth-century England
260 _aNew york
260 _bHarper Torchbooks , Inc./The Academy Library
300 _aviii
300 _b 197p. 22cm.
650 _aAsceticism
_xCatholic Church
_926182
650 _aMysticism
_xCatholic Church
_92229
942 _2lcc
_cMONOGRAPH
999 _c45362
_d45362